00658nam a2200217Ia 4500003000900000008004100009040001300050040001300063041000800076100001500084100000800099245004900107250001000156260001200166300001200178490001300190490000700203942000700210999001700217952020600234IT-RoPAU120407s9999 xx 000 0 und d aIT-RoPAU cIT-RoPAU afra aBenedictus csan a"La règle de saint Benoìt capitoli 8-73" aParis aDu Cerf c19,5 cm aS.C.,182 v26 cBK c23136d23136 00102ddc406276_800000000000000_318171aPAULUSbPAULUSd2012-04-11l0o276.8.3181r2012-04-11 00:00:00w2012-04-11yBKzInserito da: Carla In data: 24 ottobre 2011 fondo: Via A.Severo 56 Progr:21174